[Event "Catalunya-chT Honor"]
[Site "Catalunya"]
[Date "2013.01.26"]
[Round "2.8"]
[White "Colon Garcia, Enrique"]
[Black "Manera Lopez, Josep"]
[Result "1-0"]
[WhiteElo "2337"]
[BlackElo "2189"]
[PlyCount "139"]
[EventDate "2013.01.19"]
[EventType "team-tourn"]
[EventRounds "11"]
[EventCountry "ESP"]
[SourceTitle "CBM 152 Extra"]
[Source "ChessBase"]
[SourceDate "2013.02.25"]
[SourceVersion "1"]
[SourceVersionDate "2013.02.25"]
[SourceQuality "1"]
[WhiteTeam "Colon Sabadell"]
[BlackTeam "Figueres"]
[WhiteTeamCountry "ESP"]
[BlackTeamCountry "ESP"]

1. e4 g6 2. d4 c6 3. Nc3 d5 4. Nf3 Bg7 5. h3 dxe4 6. Nxe4 Nd7 7. Bc4 Ngf6 8. Nxf6+ Nxf6 9. 0-0 0-0 10. Re1 e6 11. c3 Qc7 12. Ne5 c5 13. Bf4 cxd4 14. Bb3 Qb6 15. cxd4 Nd5 16. Bg3 Qd8 17. Qf3 a5 18. Rad1 a4 19. Bc4 Ra5 20. h4 h5 21. a3 Bf6 22. Qe4 Kg7 23. Ba2 Ne7 24. Bf4 Rb5 25. Qe2 Rb6 26. Nc4 Ra6 27. Nd2 Nd5 28. Be5 Bxe5 29. Qxe5+ Qf6 30. Ne4 Qxe5 31. dxe5 Rb6 32. Rd2 Ne7 33. Nc5 Nc6 34. Nxa4 Rb5 35. f4 Ne7 36. Nc3 Rc5 37. g3 Nf5 38. Kg2 b6 39. Bb1 Ne7 40. Rd6 b5 41. Red1 b4 42. axb4 Rc4 43. b5 Rb4 44. R1d2 Nd5 45. Nxd5 exd5 46. R6xd5 Be6 47. Rc5 Rb8 48. Kf3 R4xb5 49. Rxb5 Rxb5 50. Bd3 Rb3 51. Kf2 Kf8 52. Be2 Ke7 53. Bd1 Rb4 54. b3 Rb5 55. Rd3 Bf5 56. Rc3 Rd5 57. Bf3 Rb5 58. Be2 Rb7 59. Ke3 Rb4 60. Rc7+ Ke8 61. Bc4 Be6 62. Bxe6 fxe6 63. Rc3 Kd7 64. Rd3+ Kc7 65. Kd2 Re4 66. Rd6 Rb4 67. Rxe6 Rxb3 68. Rxg6 Kd7 69. Rd6+ Ke7 70. Rd3 1-0

[Event "Catalunya-chT Honor"]
[Site "Catalunya"]
[Date "2009.02.22"]
[Round "4"]
[White "Manera Lopez, Josep"]
[Black "Perpinya Rofes, Lluis Maria"]
[Result "0-1"]
[WhiteElo "2170"]
[BlackElo "2381"]
[PlyCount "90"]
[EventDate "2009.02.01"]
[EventType "team-tourn"]
[EventRounds "9"]
[EventCountry "ESP"]
[SourceTitle "EXT 2019"]
[Source "ChessBase"]
[SourceDate "2018.10.10"]
[SourceVersion "1"]
[SourceVersionDate "2018.10.10"]
[SourceQuality "1"]
[WhiteTeam "Figueres"]
[BlackTeam "Colon Sabadell"]
[WhiteTeamCountry "ESP"]
[BlackTeamCountry "ESP"]

1. e4 c5 2. Nc3 Nc6 3. g3 g6 4. Bg2 Bg7 5. d3 Rb8 6. Be3 b5 7. Qd2 b4 8. Nd1 d6 9. Ne2 Nd4 10. 0-0 e6 11. h3 Ne7 12. f4 0-0 13. g4 f5 14. Ng3 a5 15. gxf5 exf5 16. Kh2 Kh8 17. Rc1 Be6 18. c3 Nb5 19. c4 Nd4 20. Bg1 Qd7 21. Ne3 g5 22. Nh5 gxf4 23. Nxf4 Be5 24. Kh1 Bxf4 25. Rxf4 Ng6 26. Rf2 f4 27. Nf5 f3 28. Bxf3 Bxf5 29. exf5 Nxf3 30. Rxf3 Qb7 31. fxg6 Qxf3+ 32. Qg2 hxg6 33. d4 cxd4 34. Bxd4+ Kg8 35. Kg1 Qxg2+ 36. Kxg2 Rbe8 37. Rc2 Re4 38. Rd2 Rf5 39. b3 Kf7 40. Bf2 Ke6 41. Bg3 d5 42. c5 Re3 43. Bf2 Rg5+ 44. Kh2 Rc3 45. h4 Rg4 0-1

[Event "Catalunya-chT Primera Gp1"]
[Site "Catalunya"]
[Date "2008.02.10"]
[Round "3"]
[White "Manera Lopez, Josep"]
[Black "Collado Pallas, David"]
[Result "1-0"]
[WhiteElo "2145"]
[BlackElo "2110"]
[PlyCount "79"]
[EventDate "2008.01.27"]
[EventType "team-tourn"]
[EventRounds "9"]
[EventCountry "ESP"]
[SourceTitle "EXT 2019"]
[Source "ChessBase"]
[SourceDate "2018.10.10"]
[SourceVersion "1"]
[SourceVersionDate "2018.10.10"]
[SourceQuality "1"]

1. e4 g6 2. d4 Bg7 3. Nf3 c6 4. h3 d5 5. Nc3 dxe4 6. Nxe4 Nf6 7. Nxf6+ exf6 8. Be2 0-0 9. 0-0 Nd7 10. c4 f5 11. Qc2 h6 12. b3 c5 13. Bb2 cxd4 14. Bxd4 b6 15. Rad1 Qc7 16. Bxg7 Kxg7 17. Nd4 a6 18. Bf3 Bb7 19. Qc3 Kh7 20. Bxb7 Qxb7 21. Rfe1 Nc5 22. Nc2 Ne4 23. Qb2 Rad8 24. Nb4 b5 25. Rxd8 Rxd8 26. Nd5 bxc4 27. Nf6+ Nxf6 28. Qxf6 Qc7 29. bxc4 Rd6 30. Qc3 f6 31. Qe3 Rd7 32. c5 f4 33. Qe8 f3 34. c6 Rg7 35. Rd1 Qf4 36. Qe3 Qa4 37. Qxf3 Qxa2 38. Qxf6 Qa4 39. Rd8 Qb5 40. c7 1-0

[Event "Catalunya-chT Honor"]
[Site "Catalunya"]
[Date "2008.02.03"]
[Round "2"]
[White "Manera Lopez, Josep"]
[Black "Rosich Valles, Alfredo"]
[Result "1/2-1/2"]
[WhiteElo "2145"]
[BlackElo "2322"]
[PlyCount "85"]
[EventDate "2008.01.27"]
[EventType "team-tourn"]
[EventRounds "9"]
[EventCountry "ESP"]
[SourceTitle "EXT 2019"]
[Source "ChessBase"]
[SourceDate "2018.10.10"]
[SourceVersion "1"]
[SourceVersionDate "2018.10.10"]
[SourceQuality "1"]

1. e4 c5 2. Nc3 e6 3. g3 d5 4. exd5 exd5 5. d4 Nc6 6. dxc5 d4 7. Ne4 Bxc5 8. Bg2 Nf6 9. Bg5 Qa5+ 10. Bd2 Qb6 11. Nxf6+ gxf6 12. Qe2+ Be6 13. Nh3 d3 14. Qxd3 Rd8 15. Qe4 Qxb2 16. Rd1 Rxd2 17. Rxd2 Bb4 18. Qd3 Qe5+ 19. Qe3 0-0 20. Qxe5 Nxe5 21. Kd1 Bxd2 22. Kxd2 Rd8+ 23. Kc1 b5 24. Nf4 Bxa2 25. Nh5 Ng4 26. h3 Ne5 27. Nxf6+ Kg7 28. Nh5+ Kg6 29. Re1 f6 30. g4 Kf7 31. f4 Nc4 32. Bc6 b4 33. Ng3 b3 34. cxb3 Bxb3 35. Nf5 a5 36. Bb5 Kf8 37. Bxc4 Bxc4 38. Re7 Bd3 39. Re6 Kf7 40. Re7+ Kf8 41. Re6 Kf7 42. Re7+ Kf8 43. Re6 1/2-1/2

[Event "Catalunya-chT"]
[Site "Spain"]
[Date "2004.??.??"]
[Round "?"]
[White "Manera Lopez, Josep"]
[Black "Vinas Racionero, Josep Claudi"]
[Result "1/2-1/2"]
[WhiteElo "2113"]
[BlackElo "2114"]
[PlyCount "38"]
[EventDate "2004.??.??"]
[EventType "team-tourn"]
[EventRounds "9"]
[EventCountry "ESP"]
[SourceTitle "EXT 2007"]
[Source "ChessBase"]
[SourceDate "2006.11.23"]
[SourceVersion "1"]
[SourceVersionDate "2006.11.23"]
[SourceQuality "1"]

1. e4 e5 2. Nf3 Nc6 3. Bc4 Nf6 4. d3 Bc5 5. Bb3 d6 6. c3 0-0 7. 0-0 Bb6 8. Nbd2 Be6 9. Nc4 Bxc4 10. Bxc4 Na5 11. Bb5 c6 12. Ba4 Bc7 13. Qe2 b5 14. Bc2 Re8 15. Nh4 d5 16. Nf5 Nb7 17. a4 Nd6 18. Nxd6 Qxd6 19. Qf3 b4 1/2-1/2